<?xml version="1.0" encoding="UTF-8"?>
<collection xmlns="http://www.loc.gov/MARC21/slim">
  <record>
    <leader>00000nam  2200000   4500</leader>
    <controlfield tag="001">INLIS000000000018964</controlfield>
    <controlfield tag="005">20250121104134</controlfield>
    <datafield tag="035" ind1="#" ind2="#">
      <subfield code="a">0010-0125000108</subfield>
    </datafield>
    <controlfield tag="007">ta</controlfield>
    <controlfield tag="008">250121################g##########0#ind##</controlfield>
    <datafield tag="020" ind1="#" ind2="#">
      <subfield code="a">978-602-422-709-8</subfield>
    </datafield>
    <datafield tag="082" ind1="#" ind2="#">
      <subfield code="a">025.5</subfield>
    </datafield>
    <datafield tag="084" ind1="#" ind2="#">
      <subfield code="a">025.5 ELV a</subfield>
    </datafield>
    <datafield tag="100" ind1=" " ind2="#">
      <subfield code="a">Elva Rahmah</subfield>
    </datafield>
    <datafield tag="245" ind1="1" ind2="#">
      <subfield code="a">Akses dan Layanan Perpustakaan: Teori dan Aplikasi /</subfield>
      <subfield code="c">Elva Rahmah</subfield>
    </datafield>
    <datafield tag="260" ind1="#" ind2="#">
      <subfield code="b">Kencana,</subfield>
      <subfield code="c">2018</subfield>
    </datafield>
    <datafield tag="300" ind1="#" ind2="#">
      <subfield code="a">xvi, 248 hlm. ;</subfield>
      <subfield code="c">3.3 MB</subfield>
    </datafield>
    <datafield tag="650" ind1="#" ind2="4">
      <subfield code="a">Layanan Perpustakaan</subfield>
    </datafield>
    <datafield tag="520" ind1="#" ind2="#">
      <subfield code="a">Buku ini berjudul Akses dan Layanan Perpustakaan: Teori dan Aplikasi, yang merupakan salah satu buku teks yang ditujukan untuk menunjang matakuliah Sumber dan Layanan Informasi untuk Program Studi Informasi Perpustakaan dan Kearsipan. Buku ini untuk membantu para mahasiswa peminat Studi Ilmu Informasi dan Perpustakaan dalam memahami konsep Akses dan Layanan Perpustakaan secara lebih komprehensif. Cara penyajian materi dalam setiap bab selalu didahului oleh penjelasan isi bab yang dijadikan patokan oleh pembaca untuk memahami materi setiap subbab</subfield>
    </datafield>
    <datafield tag="856" ind1="#" ind2="#">
      <subfield code="a">https://web-ipustakalan.moco.co.id/book/ca9f3fad-24e7-41ee-a1ae-8291c6a362e4</subfield>
    </datafield>
    <datafield tag="990" ind1="#" ind2="#">
      <subfield code="a">2024/4/A/0019</subfield>
    </datafield>
    <datafield tag="990" ind1="#" ind2="#">
      <subfield code="a">2024/4/A/0020</subfield>
    </datafield>
  </record>
</collection>
